000 01342nam a22003377a 4500
001 0046320
003 KOHA_MİRAKIL
005 20260207003515.0
007 ta
008 141001b2012 tu a|||gr||||#||||0|tur |
020 _a9786054610327
040 _aTR-BiSEU
_btur
_cTR-BiSEU
_erda
041 0 _atur
044 _ctu
050 _aSD421
_b.Y54 2012
100 1 _aYılmaz, Ersin.
245 0 _aFarklı toplum kesimlerinin orman yangınları yönetimine yönelik bilgi, görüş ve deneyimlerinin belirlenmesi, Mersin ili örneği= Identifying different public's knowledge, attitudes and experiences toward forest fire management, a case study of Mersin province/
_cErsin Yılmaz ; Ali Topal Hakan Keleş.
264 1 _aTarsus :
_bOrman ve Su İşleri Bakanlığı Orman Genel Müdürlüğü Doğu Akdeniz Ormancılık Araştırma Enstitüsü
_c2012
300 _aXVI, 122 sayfa :
_bresimli ;
_c23 cm.
336 _ametin
_btxt
_2rdacontent
337 _aaracısız
_bn
_2rdamedia
338 _acilt
_bnc
_2rdacarrier
490 0 _aDOA Yayın no.: 68.
490 0 _aTeknik bülten no.: 42.
500 _aKaynakça var.
650 0 _aOrman Yangınları
_985375
650 0 _aOrman ve ormancılık - Türkiye
_985376
830 0 _aDOA Yayın no.: 68.
_985377
830 0 _aTeknik bülten no.: 42.
_985378
942 _2lcc
_cBK
999 _c46286
_d46286